| 000 -LEADER |
| fixed length control field |
00671nam a22001817a 4500 |
| 001 - CONTROL NUMBER |
| control field |
22015 |
| 003 - CONTROL NUMBER IDENTIFIER |
| control field |
BD-DhUAP |
| 005 - DATE AND TIME OF LATEST TRANSACTION |
| control field |
20230917203404.0 |
| 008 - FIXED-LENGTH DATA ELEMENTS--GENERAL INFORMATION |
| fixed length control field |
230917b2021 a|||| |||| 00| 0 eng d |
| 020 ## - INTERNATIONAL STANDARD BOOK NUMBER |
| International Standard Book Number |
9789849565123 |
| 040 ## - CATALOGING SOURCE |
| Original cataloging agency |
BD-DhUAP |
| Language of cataloging |
BD-DhUAP |
| Transcribing agency |
BD-DhUAP |
| Modifying agency |
BD-DhUAP |
| 082 ## - DEWEY DECIMAL CLASSIFICATION NUMBER |
| Edition number |
23 |
| Classification number |
394.26 KAY |
| 100 ## - MAIN ENTRY--PERSONAL NAME |
| Personal name |
কায়সার,ওয়াহিদ |
| 245 ## - TITLE STATEMENT |
| Title |
মিলান কুন্ডেরা তুচ্ছতার উৎসব। |
| Remainder of title |
ওয়াহিদ,কায়সার |
| 260 ## - PUBLICATION, DISTRIBUTION, ETC. |
| Place of publication, distribution, etc. |
ঢাকাঃ |
| Name of publisher, distributor, etc. |
পেন্ডুলাম পাবলিশাস |
| Date of publication, distribution, etc. |
২০২১ |
| 300 ## - PHYSICAL DESCRIPTION |
| Extent |
১০৮পূ. |
| Other physical details |
১৭সে.মি |
| 942 ## - ADDED ENTRY ELEMENTS (KOHA) |
| Source of classification or shelving scheme |
|
| Koha item type |
Book |